[Event "Düsseldorfer SK 2 - Herforder SV Köni"]
[Site "NRW-Liga - Gruppe 1 2019/2020"]
[Date "2019.10.13"]
[Round "2.7"]
[White "Quelle, Helmut"]
[Black "Berndt, Axel"]
[Result "0-1"]
[WhiteElo "2020"]
[BlackElo "2065"]
[PlyCount "118"]
[EventDate "2019.??.??"]
[SourceVersionDate "2020.03.16"]
[WhiteTeam "Herforder SV Königsspringer 1"]
[BlackTeam "Düsseldorfer SK 2"]

1. Nf3 Nf6 2. g3 b6 3. Bg2 Bb7 4. O-O c5 5. c4 e6 6. Nc3 d6 7. Re1 a6 8. e4
Nbd7 9. d4 cxd4 10. Nxd4 Qc7 11. b3 Be7 12. Bb2 O-O 13. Rc1 Rfe8 14. Rc2 Rad8
15. g4 Nf8 16. g5 N6d7 17. Bc1 Qb8 18. Qg4 Ne5 19. Qg3 Rc8 20. Rce2 Nc6 21. Nc2
Ba8 22. a4 Na5 23. Nd4 Nd7 24. Bh3 Bf8 25. f4 Qc7 26. f5 e5 27. Nf3 Nxb3 28. g6
Nxc1 29. gxf7+ Kxf7 30. Rxc1 Nf6 31. Ng5+ Kg8 32. Ne6 Qd7 33. Qd3 Bc6 34. Rb1
Rb8 35. Rg2 Rb7 36. Kh1 Reb8 37. Rbg1 Qe8 38. Rg5 Kh8 39. Qe2 b5 40. cxb5 axb5
41. Qg2 b4 42. Nd5 Bxd5 43. exd5 Qe7 44. Qf3 b3 45. Rb1 b2 46. Rg3 Rb4 47. Qd1
Ne4 48. Rf3 Qa7 49. Qc2 Qb7 50. Bg2 Rc8 51. Qd1 Rc1 52. Rxc1 bxc1=Q 53. Qxc1
Rb1 54. Rf1 Rxc1 55. Rxc1 Qb2 56. Rf1 Nd2 57. Rf2 Qc1+ 58. Bf1 Nxf1 59. Kg2
Ne3+ 0-1

[Event "Düsseldorfer SK 2 - Herforder SV Köni"]
[Site "NRW-Liga - Gruppe 1 2019/2020"]
[Date "2019.10.13"]
[Round "2.8"]
[White "Partenheimer, Axel"]
[Black "Heuermann, Heinz-Burkhard"]
[Result "1/2-1/2"]
[WhiteElo "2067"]
[BlackElo "1809"]
[PlyCount "134"]
[EventDate "2019.??.??"]
[SourceVersionDate "2020.03.16"]
[WhiteTeam "Düsseldorfer SK 2"]
[BlackTeam "Herforder SV Königsspringer 1"]

1. Nf3 d5 2. g3 g6 3. Bg2 Bg7 4. d4 c5 5. c3 cxd4 6. cxd4 Nc6 7. O-O Bg4 8. Nc3
Qd7 9. Bf4 Nf6 10. Ne5 Qf5 11. Nxg4 Qxg4 12. Nxd5 Nxd5 13. Bxd5 Nxd4 14. Bxb7
Rd8 15. Qa4+ Rd7 16. Bf3 Qf5 17. Be3 O-O 18. Bxd4 Rxd4 19. Qxa7 Rd7 20. Qa4 Rd2
21. Rad1 Rxb2 22. Rd5 Qc2 23. Qxc2 Rxc2 24. Ra5 Rfc8 25. Kg2 Bf6 26. h4 h5 27.
Rb1 Rd2 28. a4 Kg7 29. Ra7 Ra2 30. a5 Rc5 31. a6 g5 32. hxg5 Rxg5 33. Rb4 Rga5
34. Rab7 Rxa6 35. Bxh5 R6a5 36. Bf3 R5a4 37. Rb1 Ra7 38. Rb8 Ra1 39. Rxa1 Bxa1
40. Be4 Bf6 41. Rb5 Ra2 42. Bd3 Rb2 43. Ra5 Rb6 44. f4 Rd6 45. Kf3 Bc3 46. Ra7
Kf8 47. Rc7 Bb4 48. g4 Rf6 49. Rc8+ Kg7 50. g5 Rb6 51. f5 Bd6 52. Rc1 Rb4 53.
Rc6 Bb8 54. g6 Bd6 55. Rc8 Rf4+ 56. Ke3 fxg6 57. fxg6 Rf8 58. Rc4 Rh8 59. Rg4
Rh3+ 60. Kd4 Rh5 61. Ke4 Ra5 62. Kf3 Rh5 63. Rc4 Rh3+ 64. Kf2 Rh2+ 65. Ke3 Rh3+
66. Kd2 Rh2 67. Kc2 Rh5 1/2-1/2

[Event "SC Rochade Emsdetten 1 - Krefelder SK T"]
[Site "NRW-Liga - Gruppe 1 2019/2020"]
[Date "2019.10.13"]
[Round "2.1"]
[White "Stomberg, Thomas"]
[Black "Kabatianski, Alexander"]
[Result "1/2-1/2"]
[WhiteElo "2297"]
[BlackElo "2308"]
[PlyCount "41"]
[EventDate "2019.??.??"]
[SourceVersionDate "2020.03.16"]
[WhiteTeam "Krefelder SK Turm 1"]
[BlackTeam "SC Rochade Emsdetten 1"]

1. c4 e6 2. g3 Nf6 3. Bg2 d5 4. Nf3 dxc4 5. Qa4+ Nbd7 6. Qxc4 c5 7. d3 Bd6 8.
a4 O-O 9. a5 a6 10. O-O b5 11. axb6 Nxb6 12. Qc2 Nfd5 13. Nc3 Bb7 14. Nd2 Qc7
15. Nce4 Be7 16. Nb3 Nb4 17. Qc3 N6d5 18. Qc4 Nb6 19. Qc3 N6d5 20. Qc4 Nb6 21.
Qc3 1/2-1/2

[Event "SC Rochade Emsdetten 1 - Krefelder SK T"]
[Site "NRW-Liga - Gruppe 1 2019/2020"]
[Date "2019.10.13"]
[Round "2.2"]
[White "De Groote, Ewoud"]
[Black "Kern, Guido"]
[Result "1/2-1/2"]
[WhiteElo "2201"]
[BlackElo "2265"]
[PlyCount "98"]
[EventDate "2019.??.??"]
[SourceVersionDate "2020.03.16"]
[WhiteTeam "SC Rochade Emsdetten 1"]
[BlackTeam "Krefelder SK Turm 1"]

1. Nf3 d5 2. d4 Nf6 3. c4 e6 4. Nc3 Nbd7 5. Bg5 h6 6. Bh4 Be7 7. e3 Ne4 8. Bxe7
Qxe7 9. Qb3 Nxc3 10. bxc3 dxc4 11. Bxc4 O-O 12. O-O Rb8 13. a4 e5 14. Rfe1 e4
15. Nd2 Nf6 16. Qb4 Re8 17. h3 Qxb4 18. cxb4 Be6 19. Rec1 Bxc4 20. Nxc4 c6 21.
b5 Rec8 22. Na5 cxb5 23. axb5 Rxc1+ 24. Rxc1 Ne8 25. Nb3 Nd6 26. Rc5 Kf8 27.
Nd2 Re8 28. g4 Ke7 29. Nb1 f6 30. Rc7+ Kf8 31. Rd7 Rc8 32. Nd2 Rc2 33. Rxd6
Rxd2 34. Rd7 b6 35. Rxa7 Rb2 36. Kg2 g5 37. Kg3 Rxb5 38. Rh7 Rb1 39. Kg2 b5 40.
Rxh6 Kg7 41. Rh5 b4 42. h4 gxh4 43. Rxh4 b3 44. g5 Rg1+ 45. Kxg1 b2 46. gxf6+
Kg6 47. Rf4 b1=Q+ 48. Kg2 Kf7 49. Kh2 Qb8 1/2-1/2

[Event "SC Rochade Emsdetten 1 - Krefelder SK T"]
[Site "NRW-Liga - Gruppe 1 2019/2020"]
[Date "2019.10.13"]
[Round "2.3"]
[White "Winkel, Peter"]
[Black "Lehmann, Holger"]
[Result "1-0"]
[WhiteElo "2186"]
[BlackElo "2166"]
[Annotator "Daniel"]
[PlyCount "69"]
[EventDate "2019.??.??"]
[SourceVersionDate "2020.03.16"]
[WhiteTeam "Krefelder SK Turm 1"]
[BlackTeam "SC Rochade Emsdetten 1"]

1. d4 c5 2. d5 e5 3. e4 d6 4. Nc3 Be7 5. Nf3 Nf6 6. Be2 O-O 7. a4 Nbd7 8. Nd2
Ne8 9. Nc4 Nb6 10. Ne3 g6 11. O-O Ng7 12. a5 Nd7 13. Nc4 Nf6 14. Bh6 Kh8 15. f4
exf4 16. e5 Ng8 17. Bxf4 dxe5 18. Bxe5 f5 19. d6 Bf6 20. Bf3 Be6 $11 21. Bxf6
Nxf6 22. Ne5 Nd7 23. Nxd7 Qxd7 24. a6 b6 25. Bxa8 Rxa8 26. Qf3 Rd8 27. Rfd1 g5
28. Qb7 h5 29. Nd5 Qxd6 30. Nc3 Qb8 31. Rxd8+ Qxd8 32. Rd1 Qf6 33. Qxa7 f4 34.
Qxb6 f3 35. Qd8+ 1-0

[Event "SC Rochade Emsdetten 1 - Krefelder SK T"]
[Site "NRW-Liga - Gruppe 1 2019/2020"]
[Date "2019.10.13"]
[Round "2.4"]
[White "Hiller, Simon"]
[Black "Van Gool, Rudi"]
[Result "1/2-1/2"]
[WhiteElo "2141"]
[BlackElo "2229"]
[PlyCount "43"]
[EventDate "2019.??.??"]
[SourceVersionDate "2020.03.16"]
[WhiteTeam "SC Rochade Emsdetten 1"]
[BlackTeam "Krefelder SK Turm 1"]

1. Nf3 Nf6 2. c4 e6 3. g3 b6 4. Bg2 Bb7 5. O-O Be7 6. Nc3 O-O 7. Re1 d5 8. cxd5
Nxd5 9. e4 Nxc3 10. bxc3 c5 11. d4 cxd4 12. cxd4 Nc6 13. Bb2 Rc8 14. Rc1 Bf6
15. Qd3 Na5 16. Nd2 Qd7 17. Bc3 Qa4 18. d5 Bxc3 19. Rxc3 Rxc3 20. Qxc3 Rc8 21.
Qe3 Qe8 22. Bh3 1/2-1/2

[Event "SC Rochade Emsdetten 1 - Krefelder SK T"]
[Site "NRW-Liga - Gruppe 1 2019/2020"]
[Date "2019.10.13"]
[Round "2.5"]
[White "Neuer, Thomas"]
[Black "Paalman, Henk-Jan"]
[Result "1/2-1/2"]
[WhiteElo "2095"]
[BlackElo "2140"]
[PlyCount "34"]
[EventDate "2019.??.??"]
[SourceVersionDate "2020.03.16"]
[WhiteTeam "Krefelder SK Turm 1"]
[BlackTeam "SC Rochade Emsdetten 1"]

1. Nf3 Nf6 2. g3 d5 3. d4 c6 4. Bg2 Bf5 5. O-O e6 6. c4 h6 7. Nc3 Nbd7 8. Qb3
Qb6 9. c5 Qc7 10. Bf4 Qc8 11. Rfe1 Be7 12. h3 O-O 13. g4 Bg6 14. Qd1 Ne4 15.
Nxe4 Bxe4 16. Qd2 Bf6 17. Rac1 Bxf3 1/2-1/2

[Event "SC Rochade Emsdetten 1 - Krefelder SK T"]
[Site "NRW-Liga - Gruppe 1 2019/2020"]
[Date "2019.10.13"]
[Round "2.6"]
[White "Mueller, Achim"]
[Black "Dorner, Matthias"]
[Result "1/2-1/2"]
[WhiteElo "2004"]
[BlackElo "2108"]
[PlyCount "135"]
[EventDate "2019.??.??"]
[SourceVersionDate "2020.03.16"]
[WhiteTeam "SC Rochade Emsdetten 1"]
[BlackTeam "Krefelder SK Turm 1"]

1. e4 c6 2. d4 d5 3. Nd2 dxe4 4. Nxe4 Nf6 5. Nxf6+ exf6 6. c3 Bd6 7. Bd3 O-O 8.
Ne2 Re8 9. Qc2 h5 10. O-O h4 11. h3 Nd7 12. Be3 Nf8 13. Rad1 Bd7 14. Rfe1 Bb8
15. Qc1 Qc8 16. Bf4 Bf5 17. Bxb8 Bxd3 18. Rxd3 Qxb8 19. Re3 Qd6 20. Qd2 Re6 21.
Nc1 Rd8 22. Qe2 Rde8 23. Qf3 Qd5 24. Qxd5 cxd5 25. Nd3 Nd7 26. Nf4 Rxe3 27.
Rxe3 Rxe3 28. fxe3 Nb6 29. b3 Kf8 30. Nd3 Nd7 31. Nb4 Nb6 32. a4 a5 33. Nd3 Nc8
34. Nf4 Nb6 35. Kf2 g5 36. Nd3 Nc8 37. Kf3 f5 38. c4 dxc4 39. bxc4 Nd6 40. c5
Ne4 41. Ne5 Nc3 42. Nc4 Nxa4 43. Nxa5 b6 44. Nb3 bxc5 45. dxc5 Ke7 46. c6 Kd6
47. Nd4 Nc3 48. Nxf5+ Kxc6 49. Nh6 f6 50. Ng8 Kd6 51. Nxf6 Ke5 52. Ng4+ Kf5 53.
Nf2 Nb5 54. e4+ Kf6 55. Nd3 Nd4+ 56. Kg4 Kg6 57. Nc5 Nc6 58. Nd7 Nd4 59. e5 Ne6
60. Nf6 Nf4 61. Ne4 Ne6 62. Nd6 Nf4 63. g3 hxg3 64. Kxg3 Nd3 65. e6 Kf6 66.
Ne4+ Kxe6 67. Kg4 Ke5 68. Nxg5 1/2-1/2

[Event "SC Rochade Emsdetten 1 - Krefelder SK T"]
[Site "NRW-Liga - Gruppe 1 2019/2020"]
[Date "2019.10.13"]
[Round "2.8"]
[White "Schelwokat, Peter"]
[Black "Terhuven, Patrick"]
[Result "0-1"]
[WhiteElo "1860"]
[BlackElo "2208"]
[Annotator "Daniel"]
[PlyCount "150"]
[EventDate "2019.??.??"]
[SourceVersionDate "2020.03.16"]
[WhiteTeam "SC Rochade Emsdetten 1"]
[BlackTeam "Krefelder SK Turm 1"]

1. e4 c5 2. Nc3 Nc6 3. g3 g6 4. Bg2 Bg7 5. d3 d6 6. Be3 e5 7. f4 Nge7 8. Nf3
O-O 9. Qd2 exf4 10. Bxf4 d5 11. O-O dxe4 12. dxe4 Qxd2 13. Bxd2 Bg4 14. Be3 Nd4
15. Ne1 b6 16. Nd5 Nxd5 17. exd5 Rfe8 18. d6 Rad8 19. Bf4 Ne2+ 20. Kh1 Bxb2 21.
Rb1 Nxf4 22. Rxf4 Bf5 23. g4 Bc3 24. gxf5 Rxe1+ 25. Rxe1 Bxe1 26. fxg6 hxg6 27.
Bd5 Rxd6 28. Bxf7+ Kg7 29. Bb3 Rd7 30. Kg2 b5 31. c4 b4 32. Re4 Bc3 33. Re6 Kh6
34. Kf3 Rd2 35. h3 Kg5 36. Ra6 Rh2 37. Rxa7 Rxh3+ 38. Kg2 Rd3 39. Ra6 Bd4 40.
Rxg6+ $11 Kf4 41. Re6 Rd2+ 42. Kf1 Be5 43. Ke1 Rh2 44. Kd1 Ke4 45. Re8 Kd4 46.
Re6 Rh5 47. Kc2 Rh3 48. Re8 Rc3+ 49. Kb1 Rg3 50. Rd8+ Kc3 51. Rd1 Bf4 52. Rf1
Be3 53. Re1 Rh3 54. Rf1 Rh2 55. Re1 Bd2 56. Rf1 Re2 57. Rh1 Re3 58. Rd1 Re2 59.
Rh1 Be3 60. Rf1 Rb2+ 61. Ka1 Re2 62. Kb1 Bd2 63. Rh1 Be1 64. Rh3+ Kd4 65. Rf3
Rh2 66. Kc1 Bd2+ 67. Kd1 Be3 68. Rg3 Kd3 69. Bc2+ Rxc2 70. Rxe3+ Kxe3 71. Kxc2
Kd4 72. Kb3 Kd3 73. a4 bxa3 74. Kxa3 Kxc4 75. Kb2 Kd3 0-1

[Event "Godesberger SK 1 - SG Porz 2"]
[Site "NRW-Liga - Gruppe 1 2019/2020"]
[Date "2019.10.13"]
[Round "2.1"]
[White "Suvorov, Luca"]
[Black "Nasuta, Grzegorz"]
[Result "0-1"]
[WhiteElo "2217"]
[BlackElo "2546"]
[PlyCount "222"]
[EventDate "2019.??.??"]
[SourceVersionDate "2020.03.16"]
[WhiteTeam "SG Porz 2"]
[BlackTeam "Godesberger SK 1"]

1. d4 Nf6 2. c4 g6 3. f3 Nc6 4. d5 Ne5 5. e4 d6 6. Nc3 Bg7 7. f4 Ned7 8. Nh3 c6
9. Nf2 Qb6 10. Be2 Nc5 11. Qc2 cxd5 12. cxd5 O-O 13. Be3 Bd7 14. O-O Qa5 15.
Rab1 Na4 16. Nxa4 Bxa4 17. Qd3 Bd7 18. Bd4 Rfc8 19. a3 Qa4 20. Bc3 a6 21. Qf3
Bb5 22. Bxb5 Qxb5 23. Rbd1 Nd7 24. e5 dxe5 25. fxe5 Rxc3 26. bxc3 Nxe5 27. Qe4
Rc8 28. Rb1 Qd7 29. Qb4 b5 30. Rbd1 Rc4 31. Qb2 Qc7 32. Rc1 Qc5 33. Kh1 Qxd5
34. Rfd1 Qa8 35. Qe2 h5 36. Rd4 Rc8 37. Rcd1 Qc6 38. a4 bxa4 39. Qc2 Kh7 40.
Qxa4 Ng4 41. Nxg4 Bxd4 42. Qxd4 hxg4 43. Qxg4 Kg7 44. Qe2 Rc7 45. h3 Qc4 46.
Qe5+ f6 47. Qa5 Rc5 48. Qb6 Re5 49. Ra1 Re2 50. Kh2 Qd5 51. Rg1 a5 52. c4 Qe5+
53. Kh1 a4 54. Qa7 Ra2 55. c5 Qe4 56. c6 Rc2 57. c7 g5 58. Qb8 Qc4 59. Qe8 Qxc7
60. Qxa4 Re2 61. Qg4 Qe5 62. Rf1 Qe4 63. Qg3 Qe3 64. Qg4 Rc2 65. Qf5 Rc1 66.
Qb5 Rc2 67. Qf5 Qe2 68. Rg1 Qc4 69. Qd7 Qe4 70. Qd1 Rc3 71. Qh5 Rg3 72. Kh2 Re3
73. Qd1 Re2 74. Qd7 Kf7 75. Qc8 Kg7 76. Qd7 Qe5+ 77. Kh1 Qe6 78. Qe8 Qd5 79.
Qh5 Re4 80. Qf3 Rd4 81. Qe2 Qe4 82. Qf2 Rd3 83. Re1 Qb7 84. Kh2 Qc7+ 85. Kh1
Rc3 86. Qe2 Rc1 87. Rxc1 Qxc1+ 88. Kh2 e5 89. Qd3 Qf4+ 90. Kh1 Qd4 91. Qc2 e4
92. Qc7+ Kg6 93. Qc8 Qa1+ 94. Kh2 Qe5+ 95. Kg1 e3 96. Qg8+ Kf5 97. Qc8+ Ke4 98.
Qc2+ Kd4 99. Qd1+ Kc4 100. Qa4+ Kc3 101. Qa3+ Kc2 102. Qa2+ Qb2 103. Qa4+ Kd2
104. Qa5+ Ke2 105. Qa6+ Ke1 106. Qa5+ Kd1 107. Qd5+ Kc1 108. Qc5+ Kd2 109. Qa5+
Qc3 110. Qa2+ Kc1 111. Qe2 Qd4 0-1

[Event "Godesberger SK 1 - SG Porz 2"]
[Site "NRW-Liga - Gruppe 1 2019/2020"]
[Date "2019.10.13"]
[Round "2.2"]
[White "Teclaf, Pawel"]
[Black "Malykin, Vitaly"]
[Result "1-0"]
[WhiteElo "2421"]
[BlackElo "2294"]
[PlyCount "87"]
[EventDate "2019.??.??"]
[SourceVersionDate "2020.03.16"]
[WhiteTeam "Godesberger SK 1"]
[BlackTeam "SG Porz 2"]

1. e4 g6 2. d4 Bg7 3. Nf3 d6 4. c3 Nf6 5. Bd3 O-O 6. O-O Nc6 7. Re1 e5 8. h3 h6
9. Na3 Re8 10. Nc2 Nh5 11. b4 Nf4 12. Bxf4 exf4 13. b5 Ne7 14. Nb4 c5 15. bxc6
bxc6 16. Bc4 a5 17. Nd3 g5 18. e5 d5 19. Bb3 Ng6 20. Nh2 Bf5 21. Ba4 Rc8 22.
Qd2 f6 23. exf6 Qxf6 24. Bc2 Bf8 25. Ng4 Bxg4 26. hxg4 Bd6 27. f3 Kf7 28. Rab1
Rxe1+ 29. Rxe1 Re8 30. Rxe8 Kxe8 31. Ba4 Ne7 32. Nc1 Bc7 33. Nb3 Qd6 34. Qe2
Kf7 35. Nc5 Bb6 36. Nd3 c5 37. Qe5 Qg6 38. Nxc5 Bxc5 39. dxc5 Qb1+ 40. Kh2 Qxa2
41. Bd7 d4 42. Qh8 Nd5 43. Qe8+ Kg7 44. Be6 1-0

[Event "Godesberger SK 1 - SG Porz 2"]
[Site "NRW-Liga - Gruppe 1 2019/2020"]
[Date "2019.10.13"]
[Round "2.3"]
[White "Pauly, Carlo"]
[Black "Seger, Ruediger"]
[Result "1-0"]
[WhiteElo "2239"]
[BlackElo "2314"]
[Annotator "Daniel"]
[PlyCount "77"]
[EventDate "2019.??.??"]
[SourceVersionDate "2020.03.16"]
[WhiteTeam "SG Porz 2"]
[BlackTeam "Godesberger SK 1"]

1. d4 Nf6 2. c4 g6 3. f3 c5 4. d5 b5 5. e4 d6 6. cxb5 a6 7. Ne2 axb5 8. Ng3 b4
9. Bb5+ Bd7 10. Bc4 Bg7 11. O-O O-O 12. f4 Ng4 13. e5 dxe5 14. f5 Nf6 15. Bg5
Be8 16. Nd2 h6 17. Bxf6 exf6 18. Nge4 Nd7 19. d6 Nb6 20. Qe2 Kh8 21. Bb5 h5 22.
Bxe8 Rxe8 23. Nc4 Nd7 24. g4 h4 25. Qf2 Bh6 26. Qxh4 Kg7 27. Qf2 Rc8 $11 28.
fxg6 Bf4 29. gxf7 Rh8 30. Ng3 Kxf7 31. Nh5 Rxh5 32. gxh5 Qh8 33. Qf3 f5 34.
Rae1 Rg8+ 35. Kh1 Rg4 36. Qd5+ Kf6 37. Rxf4 Rxf4 38. Nxe5 Qe8 39. Ng4+ 1-0

[Event "Godesberger SK 1 - SG Porz 2"]
[Site "NRW-Liga - Gruppe 1 2019/2020"]
[Date "2019.10.13"]
[Round "2.4"]
[White "Koehler, Christian Friedrich"]
[Black "Bunyatov, Rustam"]
[Result "1/2-1/2"]
[WhiteElo "2260"]
[BlackElo "2204"]
[PlyCount "28"]
[EventDate "2019.??.??"]
[SourceVersionDate "2020.03.16"]
[WhiteTeam "Godesberger SK 1"]
[BlackTeam "SG Porz 2"]

1. d4 Nf6 2. Nf3 e6 3. e3 b6 4. Bd3 Bb7 5. O-O c5 6. Nbd2 Nc6 7. c3 d5 8. Re1
Be7 9. b3 O-O 10. Bb2 Rc8 11. Rc1 a6 12. a3 b5 13. b4 cxb4 14. cxb4 a5 1/2-1/2

[Event "Godesberger SK 1 - SG Porz 2"]
[Site "NRW-Liga - Gruppe 1 2019/2020"]
[Date "2019.10.13"]
[Round "2.5"]
[White "Wagenknecht, Uwe"]
[Black "Grabowski, Pawel"]
[Result "0-1"]
[WhiteElo "2149"]
[BlackElo "2268"]
[PlyCount "80"]
[EventDate "2019.??.??"]
[SourceVersionDate "2020.03.16"]
[WhiteTeam "SG Porz 2"]
[BlackTeam "Godesberger SK 1"]

1. c4 Nf6 2. Nc3 g6 3. e4 d6 4. d4 Bg7 5. Nf3 c6 6. Be2 a6 7. O-O b5 8. a3 O-O
9. Be3 Bg4 10. Nd2 Bxe2 11. Qxe2 Nbd7 12. Rfd1 Nb6 13. c5 dxc5 14. dxc5 Nbd7
15. f4 e5 16. f5 Qe7 17. fxg6 fxg6 18. b4 Nh5 19. Nf3 a5 20. Rac1 axb4 21. axb4
Nf4 22. Qd2 Nb8 23. Qd6 Qxd6 24. cxd6 Ne6 25. Ra1 Nd7 26. Ne2 Rfc8 27. Rdc1
Rxa1 28. Rxa1 Bf8 29. Ra7 Rd8 30. Ng5 Ng7 31. Nf3 Nf6 32. Nxe5 Rxd6 33. Nc3 Re6
34. Nf7 Bxb4 35. Nh6+ Kf8 36. Rf7+ Ke8 37. Nxb5 cxb5 38. Rxg7 Rxe4 39. Bg5 Re1+
40. Kf2 Ne4+ 0-1

[Event "Godesberger SK 1 - SG Porz 2"]
[Site "NRW-Liga - Gruppe 1 2019/2020"]
[Date "2019.10.13"]
[Round "2.6"]
[White "Kutzner, Stephen"]
[Black "Liard, Thibaud"]
[Result "0-1"]
[WhiteElo "2149"]
[BlackElo "2138"]
[PlyCount "80"]
[EventDate "2019.??.??"]
[SourceVersionDate "2020.03.16"]
[WhiteTeam "Godesberger SK 1"]
[BlackTeam "SG Porz 2"]

1. d4 Nf6 2. c4 d6 3. Nc3 Nbd7 4. e4 e5 5. Nf3 g6 6. Be2 Bg7 7. O-O O-O 8. d5
Ne8 9. Qc2 a5 10. a3 f5 11. Bg5 Bf6 12. Bh6 Ng7 13. b4 b6 14. c5 axb4 15. axb4
Rxa1 16. Rxa1 bxc5 17. Ra7 cxb4 18. Nb5 Nc5 19. Nxc7 Rf7 20. Nb5 Rxa7 21. Nxa7
fxe4 22. Nd2 Bf5 23. Nc6 e3 24. Qb2 exf2+ 25. Kxf2 Qb6 26. Be3 Bg5 27. Nc4
Bxe3+ 28. Kxe3 Qc7 29. Qxb4 Be4 30. N4xe5 Bxg2 31. Bf3 Nf5+ 32. Kf2 Bxf3 33.
Kxf3 Na6 34. Qb5 Qc8 35. Nc4 Nc7 36. Qa5 Qd7 37. Nb6 Qf7 38. Nd8 Nh4+ 39. Kg4
Qf6 40. Ne6 h5+ 0-1

[Event "Godesberger SK 1 - SG Porz 2"]
[Site "NRW-Liga - Gruppe 1 2019/2020"]
[Date "2019.10.13"]
[Round "2.7"]
[White "Mohammadi Nia, Borna"]
[Black "Schulte-Geers, Niklas"]
[Result "0-1"]
[WhiteElo "2134"]
[BlackElo "2118"]
[Annotator "Daniel"]
[PlyCount "110"]
[EventDate "2019.??.??"]
[SourceVersionDate "2020.03.16"]
[WhiteTeam "SG Porz 2"]
[BlackTeam "Godesberger SK 1"]

1. e4 c6 2. Nc3 d5 3. Nf3 Bg4 4. h3 Bxf3 5. Qxf3 e6 6. d3 Nd7 7. Bd2 Ngf6 8. g4
h6 9. Qg3 d4 10. Ne2 Qb6 11. O-O-O O-O-O 12. c3 e5 13. f4 exf4 14. Bxf4 dxc3
15. Nxc3 Bb4 16. Qe1 Nc5 17. Rh2 Rhe8 18. Be3 Nd5 19. Nxd5 cxd5 20. Qf2 d4 21.
Qf5+ Kb8 22. Bg1 Rc8 23. Rc2 Na4 24. Bh2+ Bd6 25. Bxd6+ Qxd6 26. Qb5 Qh2 27.
Rdd2 Qg1 28. Qf5 Qe3 29. Kd1 f6 30. Qf2 Qxf2 31. Rxf2 Rxc2 32. Kxc2 Nc5 33. Rf5
Re5 34. Rf2 Nd7 35. Kb3 Rc5 36. h4 g5 37. Ka3 a5 38. Kb3 Kc7 39. a4 Kd6 40.
hxg5 hxg5 41. Bg2 Ke6 42. Rf5 Ne5 43. Bf3 $11 b6 44. Be2 Rc7 45. Rf1 Ng6 46.
Rd1 Nf4 47. Bf3 Ke5 48. Bh1 Rh7 49. Kc4 Rh2 50. b4 Rb2 51. bxa5 bxa5 52. Kc5
Rb4 53. Kc6 Rxa4 54. Rb1 Nxd3 55. Rb5+ Ke6 0-1

[Event "Godesberger SK 1 - SG Porz 2"]
[Site "NRW-Liga - Gruppe 1 2019/2020"]
[Date "2019.10.13"]
[Round "2.8"]
[White "Stenzel, Thomas"]
[Black "Gallasch, Robin"]
[Result "0-1"]
[WhiteElo "2089"]
[BlackElo "2043"]
[PlyCount "82"]
[EventDate "2019.??.??"]
[SourceVersionDate "2020.03.16"]
[WhiteTeam "Godesberger SK 1"]
[BlackTeam "SG Porz 2"]

1. e4 c6 2. d4 d5 3. e5 c5 4. dxc5 e6 5. a3 Nc6 6. Nf3 Bxc5 7. b4 Bb6 8. Bb2
Nge7 9. Bd3 Ng6 10. O-O O-O 11. Re1 f6 12. exf6 gxf6 13. Nbd2 e5 14. Bxg6 hxg6
15. c4 d4 16. h3 Kg7 17. Rc1 Bf5 18. Ne4 Rh8 19. Nfd2 Qd7 20. Qf3 Raf8 21. Rcd1
Rh4 22. Nf1 Be6 23. Qg3 Rfh8 24. b5 Ne7 25. Nxf6 Kxf6 26. Qxe5+ Kf7 27. Rd3 Bc7
28. Rf3+ Nf5 29. Qe2 Qd6 30. Ng3 Bb6 31. Ne4 Rxe4 32. Qxe4 Re8 33. Qd3 Kg7 34.
Re4 Bxc4 35. Qxc4 Rxe4 36. g3 Re7 37. Kg2 Qe6 38. Qb4 Qd5 39. a4 Bc5 40. Qd2
Rf7 41. Qd3 Nd6 0-1

[Event "SG Niederkassel 1 - SV Bergneustadt/Der"]
[Site "NRW-Liga - Gruppe 1 2019/2020"]
[Date "2019.12.15"]
[Round "4.1"]
[White "Koellner, Aaron Noah"]
[Black "Wigger, Jochen"]
[Result "1-0"]
[WhiteElo "2105"]
[BlackElo "2276"]
[PlyCount "153"]
[EventDate "2019.??.??"]
[SourceVersionDate "2020.03.16"]
[WhiteTeam "SV Bergneustadt/Derschlag 1"]
[BlackTeam "SG Niederkassel 1"]

1. d4 d5 2. Bf4 Nf6 3. e3 c5 4. c3 Nc6 5. Nd2 Bf5 6. Qb3 Qd7 7. Ngf3 c4 8. Qd1
e6 9. Nh4 Rc8 10. Nxf5 exf5 11. a4 a6 12. a5 Bd6 13. Bxd6 Qxd6 14. b3 cxb3 15.
Qxb3 f4 16. Be2 O-O 17. O-O Qe7 18. e4 dxe4 19. Nc4 Rfd8 20. Nb6 Rc7 21. Rfd1
Qd6 22. c4 Qf8 23. Qc3 Nb8 24. Rab1 Nbd7 25. Na4 Qe7 26. Qb3 h6 27. Rbc1 Qe6
28. Qb4 Qf5 29. f3 e3 30. d5 Rdc8 31. d6 Rc6 32. c5 Rb8 33. Rd4 g5 34. Bc4 Kg7
35. Bd3 Qe6 36. Be4 Nxe4 37. Rxe4 Qa2 38. Re7 Nf6 39. Nc3 Qd2 40. Rd1 Qf2+ 41.
Kh1 e2 42. Nxe2 Qxc5 43. Qb3 Qc4 44. Qb2 Qc2 45. Qa1 Rd8 46. d7 Kf8 47. Nd4
Qxd1+ 48. Qxd1 Kxe7 49. Nxc6+ bxc6 50. Qe2+ Kxd7 51. Qxa6 Nd5 52. Kg1 Kd6 53.
Qb7 Nc7 54. Kf2 Re8 55. a6 Kd7 56. a7 Ra8 57. Ke2 Kd6 58. Kd3 f5 59. Kc4 Re8
60. Qb4+ Kd7 61. Qb2 Ne6 62. Qf6 Kd6 63. Qxf5 Ra8 64. Qa5 Nc7 65. Qb6 Nb5 66.
Qb8+ Nc7 67. Qb7 Re8 68. Qb4+ Kd7 69. Qb2 Ne6 70. Qf6 Kd6 71. Qxh6 Ra8 72. Qh7
Nc7 73. Qd3+ Nd5 74. Qa3+ Kd7 75. Kc5 Kc7 76. Qa6 Ne7 77. Qb6+ 1-0

[Event "SG Niederkassel 1 - SV Bergneustadt/Der"]
[Site "NRW-Liga - Gruppe 1 2019/2020"]
[Date "2019.12.15"]
[Round "4.2"]
[White "Grimm, Sascha"]
[Black "Koellner, Christof"]
[Result "1/2-1/2"]
[WhiteElo "2266"]
[BlackElo "2055"]
[PlyCount "119"]
[EventDate "2019.??.??"]
[SourceVersionDate "2020.03.16"]
[WhiteTeam "SG Niederkassel 1"]
[BlackTeam "SV Bergneustadt/Derschlag 1"]

1. c4 e6 2. g3 Nf6 3. Bg2 d5 4. Nf3 dxc4 5. Na3 Bxa3 6. bxa3 O-O 7. Bb2 Nc6 8.
Qc2 Re8 9. Qxc4 e5 10. d3 Qd6 11. O-O Be6 12. Qa4 h6 13. Rfd1 Nd5 14. Qc2 Rad8
15. e4 Nb6 16. d4 Nxd4 17. Nxd4 exd4 18. Rxd4 Qe7 19. Qc3 Rxd4 20. Qxd4 f6 21.
Rd1 c5 22. Qd3 Na4 23. Ba1 c4 24. Qe3 Rd8 25. Bf3 Rxd1+ 26. Bxd1 Qd7 27. Bc2 b5
28. Bd4 a5 29. f4 c3 30. Bxa4 bxa4 31. Qxc3 Bxa2 32. Kf2 Qh3 33. Kg1 Qg4 34.
Qd3 Bb3 35. Kg2 Qd1 36. Qxd1 Bxd1 37. f5 Kf7 38. h3 h5 39. Kf2 Bc2 40. Ke3 Bd1
41. Kf4 g5+ 42. Ke3 Bc2 43. Bb6 Bb1 44. Bd8 Bc2 45. Kd4 g4 46. h4 Bb1 47. Ke3
Bc2 48. Kf4 Bd3 49. Bxa5 Kg7 50. Bc7 Bc4 51. Bd8 Bb3 52. Be7 Bc4 53. Bb4 Bb3
54. Bc3 Bc4 55. e5 fxe5+ 56. Kg5 Bf7 57. Bxe5+ Kg8 58. Bc3 Be8 59. Kf6 Bf7 60.
Ke7 1/2-1/2

[Event "SG Niederkassel 1 - SV Bergneustadt/Der"]
[Site "NRW-Liga - Gruppe 1 2019/2020"]
[Date "2019.12.15"]
[Round "4.3"]
[White "Stuemer, Paul"]
[Black "Rybarczyk, Klaus"]
[Result "0-1"]
[WhiteElo "2025"]
[BlackElo "2174"]
[PlyCount "74"]
[EventDate "2019.??.??"]
[SourceVersionDate "2020.03.16"]
[WhiteTeam "SV Bergneustadt/Derschlag 1"]
[BlackTeam "SG Niederkassel 1"]

1. Nf3 Nf6 2. d4 g6 3. c4 Bg7 4. Nc3 O-O 5. e3 c5 6. Be2 cxd4 7. exd4 d5 8.
cxd5 Nxd5 9. O-O Nc6 10. Qb3 Nxc3 11. bxc3 b6 12. Bf4 Na5 13. Qa3 Be6 14. Ne5
f6 15. Nd3 Qd7 16. Nb4 Bc4 17. Bxc4+ Nxc4 18. Qa6 Rac8 19. Rfe1 e5 20. dxe5
fxe5 21. Rad1 Qf7 22. Bg3 Rc5 23. Re4 Nb2 24. Rf1 Nc4 25. Rd1 Re8 26. f3 Nb2
27. Rd2 Ra5 28. Qe2 Na4 29. Nd5 Nc5 30. Rb4 Rd8 31. c4 Re8 32. Nc3 e4 33. Nxe4
Nxe4 34. fxe4 Bc3 35. Rb3 Bxd2 36. Qxd2 Qxc4 37. e5 Rd5 0-1